| 000 | 00483nam a2200193 a 4500 | ||
|---|---|---|---|
| 005 | 20220603063551.0 | ||
| 008 | 991125s1991 mx 000 0 spa u | ||
| 020 | _a9686044345 | ||
| 035 | _aUPN01000014829 | ||
| 049 | _aI | ||
| 050 | 4 |
_aPZ74 _bS2.2 |
|
| 100 | 1 | _aSalgado, Eva | |
| 245 | 1 | 3 | _aEl día que fué de noche |
| 260 |
_aMéxico : _bCNCA : _bCorunda, _c1991. |
||
| 300 | _a29 p. | ||
| 440 | 3 | _aLa tortuga veloz | |
| 650 | 4 |
_aCuentos infantiles _96744 |
|
| 905 | _aInfantil | ||
| 999 |
_c14829 _d14829 |
||